000 00779nam a2200217Ia 4500
001 14766
003 GE_BSU
008 181216s||||||||xx |||||||||||||| ||und||
040 _cGE_BSU
080 _a697(035.5)+536(035.5)
100 _aЩекин,Р.В. Короневский,С.М. Бем,Г.Е. и др.
245 _aСправочник по теплоснабжению и вентиляции:вентиляция и кондицирование воздуха.
245 _cРед. К.Б.Бегер.
260 _aКиев.
260 _bБудiвельник.
260 _c1968.
300 _a284 стр. 22 см.
300 _e101 табл. 75 рис.
653 _aСправочник по теплоснабжению и вентиляции.
942 _cBK
999 _c47889
_d47889